000 00713nam a2200253Ia 4500
008 180523s9999 xx 000 0 und d
020 _a0-07-142035-5
050 _aMAIN HD 57.7
050 _b.L44 2004
100 _aLefton, Robert E.
245 0 _aLeadership through people skills /
245 0 _cRobert E. Lefton and Victor R. Buzzotta.
260 _aNew York :
260 _bMcGraw-Hill,
260 _c2004
300 _a233 pages :
300 _billustrations ;
300 _c23 cm.
500 _aIncludes bibliographical references and index.
650 _aEmployee motivation.
650 _aLeadership.
650 _xCommunication in management.
650 _xInterpersonal relations.
999 _c356895
_d356895